| 000 | 01006nam0a2200301 4500 | ||
|---|---|---|---|
| 001 | RU\NLR\bibl\1110290 | ||
| 005 | 20250615061302.0 | ||
| 010 |
_a978-5-91180-495-4 _94000 |
||
| 021 |
_aRU _b2007-37834 _92021 |
||
| 035 | _a(NLR Aleph) 001097335 | ||
| 090 |
_a1156216 _c1156216 |
||
| 100 | _a20070716d2007 |||y0rusy50 ca | ||
| 101 | 0 | _arus | |
| 102 | _aRU | ||
| 105 | _aa ||||||||| | ||
| 200 | 1 |
_aWindows Vista _eновые возможности _fЮрий Солоницын |
|
| 210 |
_aСанкт-Петербург [и др.] _cПитер _d2007 |
||
| 215 |
_a330 с. _cил. _d24 |
||
| 320 | _aАлф. указ.: с. 323-330 | ||
| 606 | 1 |
_aMICROSOFT WINDOWS VISTA, операционная система _92431483 _3RU\NLR\auth\661447212 |
|
| 686 | _aЗ973.23-018.2 | ||
| 700 | 1 |
_aСолоницын _bЮ. А. _gЮрий Александрович _4070 |
|
| 801 | 0 |
_aRU _bNLR _c20070716 _gRCR |
|
| 801 | 1 |
_aRU _bNLR _c20070716 |
|
| 830 | _aпо кн | ||
| 942 | _cBOOK | ||
| 980 | _aNB | ||